000 00660nam a2200205Ii 4500
003 JO-AjNU
008 230605s9999||||xx |||||||||||||| ||und||
020 _a9953-1-10371-2
040 _aJO-AjNU
_bara
_erda
_cJO-AjNU
041 _aara
050 1 4 _aQA76.6 2001
100 3 _aيرش، يوريك,
_eauthor
_930182
245 0 0 _aعلم نفسك مبادىء البرمجة في 24 ساعة
250 _aط1
264 3 1 _a:الدار العربية للعلوم، 2001
336 _atext
_btxt
_2rdacontent
337 _aunmediated
_bn
_2rdamedia
338 _avolume
_bnc
_2rdacarrier
650 4 _aالحاسبات الالكترونية-لغات
_930183
999 _aA11934
_c15502
_d15502